| 000 | 00493nam a22001691a 4500 | ||
|---|---|---|---|
| 001 | 4167 | ||
| 003 | OSt | ||
| 005 | 20260204211918.0 | ||
| 008 | 050730s1988||||dr ||||||b||||||||||spa|| | ||
| 050 | _aR RD 030 D549e | ||
| 245 | _aDiccionario Enciclopédico Dominicana / Franklin Franco (director) | ||
| 264 | _aSanto Domingo: Biblioteca Nacional | ||
| 300 | _a2 Volúmenes | ||
| 700 | _a1.Diccionario Enciclopédico - República Dominicana | ||
| 700 | _aFranco, Franklin J.Ì | ||
| 942 |
_2ddc _cBK |
||
| 999 |
_c4167 _d4167 |
||